Statistics for Movies by Year, 1990-2009

Click here to take the quiz!

General Stats

  • This quiz has been taken 39,745 times
    (5,643 since last reset)
  • The average score is 13 of 20

Answer Stats

Year Clue Answer % Correct
2009This film by James Cameron film becomes the highest-grossing of all-timeAvatar
93%
2007This movie about Ancient Spartan warriors hits theaters300
84%
1997This movie becomes the first to gross over $1 billionTitanic
82%
1995This movie, the first by Pixar, is releasedToy Story
82%
1994This Quentin Tarantino movie wins the Palme d'Or at the Cannes Film FestivalPulp Fiction
75%
1996Michael Jordan stars in this basketball movieSpace Jam
74%
1999This low-budget horror movie, featuring "found" footage, becomes
a surprise success
The Blair Witch Project
71%
1990Johnny Depp stars in this movie, the first of his many
collaborations with director Tim Burton
Edward Scissorhands
69%
2005Jamie Foxx wins a Best Actor award for his portrayal of this singerRay Charles
69%
2002This "Monster's Ball" actress becomes the first African-American
to win an Oscar for Best Actress
Halle Berry
63%
2001George Clooney stars in a remake of this Frank Sinatra movieOcean's 11
63%
2006This actor goes on an anti-Semitic rant after being arrested for drunk drivingMel Gibson
63%
2003The Wachowskis release the final film of this trilogyThe Matrix
61%
2004Aramaic and Latin are the only languages used in this Biblical movieThe Passion of the Christ
56%
1993This actor is killed by a prop gun while filming "The Crow"Brandon Lee
52%
1992This Kevin Costner movie is released - its soundtrack is the best-selling of all timeThe Bodyguard
49%
1998Armageddon and this other asteroid impact movie hit theatersDeep Impact
45%
2000This Chow-Yun Fat movie becomes the highest-grossing
foreign film in U.S. history
Crouching Tiger,
Hidden Dragon
42%
2008The Coen brothers share a Best Director Oscar for this movieNo Country for Old Men
42%
1991"JFK", by this director, implies that Kennedy was killed by a high-level conspiracyOliver Stone
35%

Score Distribution

Percentile by Number Answered

Percent of People with Each Score

Your Score History

You have not taken this quiz since the last reset